000 00893nam a2200241 i 4500
001 148793
003 ES-MaACL
005 20250808062729.0
007 t|
008 070214m19481950sp |||| | spa d
100 1 _aSuárez, Francisco.
_9108560
245 1 0 _aMisterios de la vida de Cristo
_b: teología cristólogica y mariana /
_cFrancisco Suárez ; versión castellana del Padre Romualdo Galdós.
260 _aMadrid :
_bLa Editorial Católica,
_c1948-1950.
300 _a2 v. ;
_c20 cm.
490 1 _aBiblioteca de autores cristianos ;
_v35, 55
505 8 _aContiene: v. 1. Disputas 1-32 (XXXIV, 915 p.) v. 2. Disputas 33-58 (XXI, 1226 p.)
650 0 4 _aMariología.
_914794
650 0 4 _aCristología.
_911443
700 1 _aGaldós, Romualdo.
_953357
830 0 0 _aBiblioteca de autores cristianos
_v35, 55
_9178679
852 _aES-MaACL
_jD-5491-92
999 _c148793
_d148793